000 00832nam a2200241 i 4500
001 C2-0340792
003 PPAK
005 20180728142635.0
008 170212s2014 nyua|||| ||||| | eng d
020 _a9780804125086
040 _aPPAK
_beng
_cPPAK
_erda
082 0 4 _a610.76
_223
090 0 0 _a610.76
_bMCA
_dRLCK
245 0 4 _aThe Princeton Review MCAT complete :
_bfor MCAT 2015
264 1 _aNew York :
_bRandom House ,
_c2014
300 _a1069 pages :
_billustrations ;
_c28 cm
336 _2rdacontent
_atext
337 _2rdamedia
_aunmediated
338 _2rdacarrier
_avolume
650 1 0 _aMedical College Admission Test - Study guides. ; Medical colleges - United States - Entrance examinations - Study guides. ; Medicine - Examinations, questions, etc.
700 1 _aCoppock, Selena,
_eeditor
942 _ddc
_cB
999 _c137929
_d137929